00327nam a22001337a 4500003000500000020001800005038001200023082001400035100002200049245006100071260004500132300000900177563000700186NUST a9787119116099 aKhadija a 951bBRO a Brown, William N aOff the wall : how we fell for China /cWilliam N. Brown a Beijingb Foreign Language Pressc 2018 a216p aPB